000 00423nam a22001577u 4500
008 130405s1961 xxu||||| |||| 00| 0 spa d
041 _aspa
100 1 _aVoillaume, René
_94652
245 0 0 _aEn el corazón de las masas
_cRené Voillaume
250 _a3ª ed.
260 _aMadrid:
_bStudium,
_c1961
300 _a442 p.
_c;19 cm.
650 0 4 _aÓrdenes y Congregaciones Religiosas
_915759
942 _cBK
001 71881
999 _c257097
_d257097